00581nam a22001937a 450000500170000001000480001702000260006502000110009103500140010203500140011603700130013003700210014308200060016410000300017024500650020026000360026527000640030130000220036520210730111325.0 aENG-103738 B-460856-870 ENG-129550 a9789380283906c495.00 c695.00 aEN-87271  aEN-113082 bDBAD/PUB bVirtuous Pub/Ven aS aRoy-Bhattacharya, Joydeep aThe storyteller of Marrakesh /cby Joydeep Roy-Bhattacharya aChennaibTranquebar Pressc2011 aVenkat Towers, 165, P.H. Road, MaduravoyalbChennaie600095 a341p. c23cm (Hb)